000 00558cam a22002053a 4500
001 35445
003 PGUSA
005 20140828083750.0
008 110301s2011||||xxu|||||s|||||000 | eng d
040 _aPGUSA
_beng
042 _adc
100 1 _aPérez, Jean,
_d1833-1914
245 1 0 _aLes abeilles
_h[electronic resource] /
_cJean Pérez
260 _bProject Gutenberg,
_c2011
506 _aPublic domain in the USA.
516 _aElectronic text
830 0 _aProject Gutenberg
_v35445
856 4 0 _uhttp://www.gutenberg.org/ebooks/35445
942 _cEB
999 _c264700
_d264700